| 000 | 00893nam a2200289Ia 4500 | ||
|---|---|---|---|
| 003 | OSt | ||
| 005 | 20221006144539.0 | ||
| 006 | a|||||r|||| 00| 0 | ||
| 007 | ta | ||
| 008 | 221006b |||||||| |||| 00| 0 eng d | ||
| 020 |
_a0115800816 _c125+162.00 |
||
| 020 | _a9780115800818 | ||
| 024 | _a11,947 | ||
| 037 | _cTextual | ||
| 040 |
_aEASL _cEASL _beng |
||
| 041 |
_2eng _aeng |
||
| 082 | _aV2:88-2.N4, L0. | ||
| 100 | _aMansergh Nicholas Ed. | ||
| 245 | 0 |
_aConstitutional relations between Britain and India _b Transfer of power 1942-47 |
|
| 260 |
_aLondon _bHer Majesty's Stationery office _c1970 |
||
| 300 |
_a928+1044p. _ccm. |
||
| 490 | _vV.1: Cripps mission January-April 1942 V.1Gen | ||
| 650 | _a Gen | ||
| 650 |
_aIndia - Foreign Relations - Britain _9652235 |
||
| 942 |
_hV2:88-2.N4, L0. _cTEXL _2CC |
||
| 999 |
_c1080033 _d1080033 |
||